Pokémon - Attacken von Iksbat in SD/LP - Statistiken

Allgemein
  • Dieses Quiz wurde 2 mal gespielt
  • Das Durchschnittsergebnis liegt bei 25 aus 56
Antwortstatistiken
Antwort % Korrekt
Absorber
100%
Biss
100%
Flügelschlag
100%
Giftstreich
100%
Giftzahn
100%
Gigasauger
100%
Horrorblick
100%
Schlafrede
100%
Stahlflügel
100%
Toxin
100%
Windschnitt
100%
Aero-Ass
50%
Anziehung
50%
Ausdauer
50%
Blutsauger
50%
Delegator
50%
Doppelteam
50%
Dunkelnebel
50%
Erholung
50%
Fassade
50%
Finsteraura
50%
Fliegen
50%
Fluch
50%
Hypnose
50%
Kehrtwende
50%
Konfusstrahl
50%
Kreideschrei
50%
Kreuzschere
50%
Luftschnitt
50%
Matschbombe
50%
Regentanz
50%
Ruckzuckhieb
50%
Ruheort
50%
Schutzschild
50%
Sonnentag
50%
Spukball
50%
Superschall
50%
Windstoß
50%
Angeberei
0%
Auflockern
0%
Erstauner
0%
Folterknecht
0%
Gegenstoß
0%
Giftfalle
0%
Giftschock
0%
Gigastoß
0%
Hyperstrahl
0%
Pflücker
0%
Ränkeschmied
0%
Rapidschutz
0%
Raub
0%
Rückenwind
0%
Sturzflug
0%
Verhöhner
0%
Wirbelwind
0%
Zen-Kopfstoß
0%
Keine übereinstimmenden Quizze gefunden
Verteilung der Resultate
Anzahl Personen mit jedem Resultat
Perzentil nach korrekt beantworteten Fragen
Ihre Resultats-Entwicklung
Sie haben dieses Quiz noch nicht gespielt